La revolución rusa /

Guardado en:
Autor Principal: Ferro, Marc
Formato: Libro
Publicado: Buenos Aires : Hyspamérica, 1986
Series:Cuadernos de historia, 1
Materias:
Fc
Etiquetas: Agregar Etiqueta
Sin Etiquetas, Sea el primero en etiquetar este registro!
LEADER 00534nam a22002055a 4500
001 CEM.cems011259
005 20060214000000.0
008 130507s1986##################000#0#####d
003 CEMS
082 0 4 |a F947 
100 1 |a Ferro, Marc 
245 1 0 |a La revolución rusa / 
260 |a Buenos Aires :  |b Hyspamérica,  |c 1986 
300 |a 31 p. 
490 0 |a Cuadernos de historia, 1 
653 |a Historia 
653 |a Historia de rusia 
653 |a Revolucion rusa 
653 |a Fc 
859 |a CEMS  |b BIB. CEMS - 11 de abril  |h F947  |i 1  |p 1873.44  |t Ej.1